000 00478nam a2200181Ia 4500
001 3173
005 20260306144901.0
008 260306t2003||||xx |||||||||||||| ||spa||
041 _aESP
082 _a261.8
_bF96 V. 2
100 _aFundación Universitaria San Pablo - CEU
_eAUT
245 0 _aDesafíos globales:
_bla doctrina social de la iglesia hoy
260 _c2003
300 _a1084 páginas :
_c21 cm.
650 _aGEN
654 _aCHU
942 _cLIB
_dJUS
_fJUS
_2ddc
_n
999 _c3173
_d3173